000 00945nam a2200277 a 4500
001 BRCA_6478
005 20190320205454.0
008 240911s1951----nyua######---#000-0#eng-#
041 _aeng
044 _anyu
050 4 _aNK4399
_b.F76 2 1951
100 1 _aFrothingham, Alice Wilson
_916171
245 1 0 _aLustreware of Spain
_cAlice Wilson Frothingham.
260 _aNueva York
_bOrder of the Trustees
_c1951
300 _axi, 310 p.
_bil.
_c26 cm.
440 0 _aHispanic notes & monographs: essays, studies, and brief biographies issued by the Hispanic Society of America
_pPeninsular series
_916172
500 _aIncluye índice alfabético
500 _aEjemplar igual a M76, M86 y 31-52 (3152)
500 _aM85
504 _aBibliografía: p. 291-297
650 1 4 _aLustre (Cerámica)
_zEspaña
_916173
650 1 4 _aLoza dorada
_zEspaña
_916174
710 2 _aHispanic Society of America
_916175
902 _aGFM
942 _2lcc
_cB
999 _c6162
_d6162